| 000 | 00588nam a2200205 a 4500 | ||
|---|---|---|---|
| 003 | BD-DhJNU | ||
| 005 | 20260104041047.0 | ||
| 008 | 221121s2009 nr b 000 0 eng | ||
| 020 | _a9848272356 | ||
| 040 |
_aBD-DhJNU _bENG _cBD-DhJNU _dBD-DhJNU |
||
| 082 |
_a348.022 ISI _223 |
||
| 100 | _aIslam, Mahmudul | ||
| 245 | 1 | 0 |
_aInterpretation of statutes and documents / _cMahmudul Islam |
| 260 |
_adhaka : _bMullick brothers. _c2009. |
||
| 300 |
_a482 p. ; _c20 cm. |
||
| 504 | _aIncludes bibliographical references. | ||
| 650 | 0 | _aLaw | |
| 650 | 0 | _aCivil law -- Bangladesh | |
| 942 | _cBK | ||
| 999 |
_c2478 _d2478 |
||